Obálka
Pro půjčování e-knih musíte být přihlášeni.
Jak si půjčit online?

Kompletní průvodce půstem : jak léčit své tělo pomocí jednodenního i dlouhodobějšího vynechání jídla /

Kniha lékaře a experta na léčbu obezity a diabetu 2. typu vysvětluje jak můžeme využít půstu v boji s nadváhou a s civilizačními chorobami.

Uloženo v:
Hlavní autor: Fung, Jason (Autor)
Další autoři: Moore, Jimmy, 1971- (Autor), Čapková, Lenka Marie (Autor)
Médium: E-audiokniha
Jazyk:Czech
Vydáno: V Brně : Jan Melvil Publishing, 2018
Vydání:Vydání první
Edice:Fit & food
Témata:
On-line přístup:Plný text PDF (Bookport)
Tagy:
Žádné tagy
LEADER 04416nam a2200973 i 4500
001 313435
003 CZ PrSKC
005 20260601215742.0
007 ta
008 181114s2018 xr ac e f 001 0 cze
015 |a cnb003056599 
020 |a 9788075550620  |q (brožováno) 
035 |a (OCoLC)1085389823 
040 |a BOA001  |b cze  |d ABA001  |e rda 
041 1 |a cze  |h eng 
072 7 |a 615.8  |x Fyzioterapie. Psychoterapie. Alternativní lékařství  |2 Konspekt 
080 |a 613.24  |2 MRF 
080 |a 616  |2 MRF 
080 |a 612.391  |2 MRF 
080 |a 159.9  |2 MRF 
080 |a 615.8:615.279  |2 MRF 
080 |a 615.8  |2 MRF 
080 |a 615.874.24  |2 MRF 
080 |a 616.379-008.64  |2 MRF 
080 |a (035)  |2 MRF 
100 1 |a Fung, Jason  |7 xx0229324  |4 aut 
240 1 0 |a Complete guide to fasting.  |l Česky 
245 1 0 |a Kompletní průvodce půstem :  |b jak léčit své tělo pomocí jednodenního i dlouhodobějšího vynechání jídla /  |c Jason Fung a Jimmy Moore ; překlad Lenka Marie Čapková 
250 |a Vydání první 
264 1 |a V Brně :  |b Jan Melvil Publishing,  |c 2018 
300 |a 324 stran :  |b ilustrace (převážně barevné), portréty ;  |c 22 cm 
336 |a text  |b txt  |2 rdacontent 
337 |a bez média  |b n  |2 rdamedia 
338 |a svazek  |b nc  |2 rdacarrier 
490 1 |a Fit & food 
500 |a Přeloženo z angličtiny 
504 |a Obsahuje bibliografii, bibliografické odkazy a rejstřík 
520 2 |a Kniha lékaře a experta na léčbu obezity a diabetu 2. typu vysvětluje jak můžeme využít půstu v boji s nadváhou a s civilizačními chorobami. 
650 0 7 |a půst  |7 ph116005  |x zdravotní aspekty  |2 czenas 
650 0 7 |a hlad  |7 ph120741  |x psychologické aspekty  |2 czenas 
650 0 7 |a detoxikace organismu  |7 ph134741  |2 czenas 
650 0 7 |a alternativní terapie  |7 ph137043  |2 czenas 
650 0 7 |a redukce tělesné hmotnosti  |7 ph135013  |2 czenas 
650 0 7 |a diabetes mellitus  |7 ph114310  |2 czenas 
650 0 9 |a fast  |x health aspects  |2 eczenas 
650 0 9 |a hunger  |x psychological aspects  |2 eczenas 
650 0 9 |a detoxification (health)  |2 eczenas 
650 0 9 |a alternative therapy  |2 eczenas 
650 0 9 |a weight loss  |2 eczenas 
650 0 9 |a diabetes mellitus  |2 eczenas 
655 7 |a příručky  |7 fd133209  |2 czenas 
655 9 |a handbooks and manuals  |2 eczenas 
700 1 |a Moore, Jimmy,  |d 1971-  |7 mzk20181015491  |4 aut 
700 1 |a Čapková, Lenka Marie  |7 hka2015873762  |4 trl 
830 0 |a Fit & food 
856 4 0 |u https://www.bookport.cz/kniha/kompletni-pruvodce-pustem-6868/  |y Plný text PDF (Bookport)  |4 N 
900 |a ABA001  |b 20 
044 |a xr 
505 0 0 |t 00_Uvod (29 min., 18 sek.) 
505 0 0 |t 01_Dlouhy pust - pokus c 1 (32 min., 25 sek.) 
505 0 0 |t 02_Seznamte se s nasim hvezdnym tymem (11 min., 10 sek.) 
505 0 0 |t 03_Co znamena pust (27 min., 14 sek.) 
505 0 0 |t 04_Co znamena pust - cast 2 (21 min., 20 sek.) 
505 0 0 |t 05_2 Strucna historie pustu (15 min., 43 sek.) 
505 0 0 |t 06_3 Vyvracime myty o pustu (23 min., 27 sek.) 
505 0 0 |t 07_4 Vyhody pustu (25 min., 0 sek.) 
505 0 0 |t 08_5 Pustem ke stihle postave (31 min., 0 sek.) 
505 0 0 |t 09_5 Pustem ke stihle postave - cast 2 (26 min., 52 sek.) 
505 0 0 |t 10_6 Pust pri cukrovce 2 typu (25 min., 12 sek.) 
505 0 0 |t 11_6 Pust pri cukrovce 2 typu - cast 2 (14 min., 39 sek.) 
505 0 0 |t 12_7 Zdravejsi a chytrejsi diky pustu (17 min., 43 sek.) 
505 0 0 |t 13_8 Pust pro zdrave srdce (18 min., 13 sek.) 
505 0 0 |t 14_9 Vsechno co potrebujete vedet o hladu (23 min., 29 sek.) 
505 0 0 |t 15_10 Kdo by pust drzet nemel (22 min., 27 sek.) 
505 0 0 |t 16_11 Druhy pustu a osvedcene postupy (15 min., 5 sek.) 
505 0 0 |t 17_12 Prerusovany pust (18 min., 54 sek.) 
505 0 0 |t 18_13 Delsi pusty (24 min., 39 sek.) 
505 0 0 |t 19_14 Prodlouzene pusty (20 min., 31 sek.) 
505 0 0 |t 20_15 Postni tipy a caste dotazy (14 min., 7 sek.) 
505 0 0 |t 21_15 Postni tipy a caste dotazy - cast 2 (23 min., 42 sek.) 
505 0 0 |t 22_Tekutiny behem pustu (14 min., 59 sek.) 
910 |a RBIT002 
998 |d 420550  |a https://core.palmknihy.cz/api/books/420550/cover?swmdbu  |b https://core.palmknihy.cz/api/books/420550/cover/400?swmdbu  |c https://core.palmknihy.cz/api/books/420550/cover/50?swmdbu  |e 2026-10-08  |i 9788075550620  |l 29820  |q 49  |r 1  |s https://www.palmknihy.cz/kniha/420550  |t audiobook  |y 2021  |z 0 
999 |d 313433